| 000 | 00548nam a2200217Ia 4500 | ||
|---|---|---|---|
| 003 | OSt | ||
| 005 | 20240415124727.0 | ||
| 008 | 210210b2004 xxu||||| |||| 00| 0 eng d | ||
| 020 | _a81 207 0732 X | ||
| 040 |
_aAL _c |
||
| 041 | _aEnglish | ||
| 082 | _a157 MANA | ||
| 100 |
_aMANGAL (S K) _916043 |
||
| 245 | _aAbnormal psychology | ||
| 260 |
_aNew Delhi. _bSterling Publishers Pvt Ltd., _c2004 |
||
| 300 | _axii,267 | ||
| 650 |
_aAbnormal Psychology _916044 |
||
| 690 |
_aAbnormal Psychology _916044 |
||
| 906 | _a059564 | ||
| 942 |
_2ddc _cBK |
||
| 999 |
_c106703 _d106703 |
||